[Event "OP-2011-0-01693"]
[Site "LSS email"]
[Date "2011.07.31"]
[Round "?"]
[White "Bester, Kazimierz"]
[Black "Wedrowiec, Marian"]
[Result "0-1"]
[WhiteElo "769"]
[BlackElo "1555"]
[PlyCount "52"]
[EventDate "2011.07.28"]
[EventType "tourn (corr)"]
[EventRounds "4"]
[EventCountry "GER"]
[SourceTitle "Telechess CBM 151"]
[Source "ChessBase"]
[SourceDate "2012.11.13"]
[SourceVersion "1"]
[SourceVersionDate "2012.11.13"]
[SourceQuality "1"]

1. f4 d5 2. Nf3 Nf6 3. e3 g6 4. Be2 Bg7 5. 0-0 0-0 6. d4 c5 7. c3 Nc6 8. Ne5 Qc7 9. Nd2 cxd4 10. exd4 Bf5 11. Ndf3 Ne4 12. Nxc6 bxc6 13. Ne5 Rab8 14. Qa4 c5 15. Kh1 cxd4 16. cxd4 Rb6 17. Qa3 Rfb8 18. g4 Bc8 19. Qh3 h5 20. Qg2 hxg4 21. Bxg4 Bxg4 22. Qxg4 Qc2 23. Kg1 f6 24. Nd7 f5 25. Qxg6 Rxg6+ 26. Kh1 Qg2# 0-1

[Event "LSS No Engine Cup 47 Preliminary 4"]
[Site "LSS email"]
[Date "2011.07.25"]
[Round "?"]
[White "Isliyen, Mehmet"]
[Black "Wedrowiec, Marian"]
[Result "0-1"]
[WhiteElo "1009"]
[BlackElo "1578"]
[PlyCount "58"]
[EventDate "2011.07.26"]
[EventType "tourn (corr)"]
[EventRounds "6"]
[EventCountry "GER"]
[SourceTitle "Telechess CBM 149"]
[Source "ChessBase"]
[SourceDate "2012.07.17"]
[SourceVersion "1"]
[SourceVersionDate "2012.07.17"]
[SourceQuality "1"]

1. d4 Nf6 2. c4 e6 3. Nf3 d5 4. Bg5 Be7 5. Nc3 0-0 6. cxd5 exd5 7. Bxf6 Bxf6 8. e3 Nc6 9. Bd3 g6 10. Qc2 Nb4 11. Qe2 Nxd3+ 12. Qxd3 c6 13. 0-0 Bf5 14. e4 dxe4 15. Nxe4 Bg7 16. Rfe1 Qd5 17. Rad1 Qxa2 18. Nh4 Bxe4 19. Rxe4 Qxb2 20. Re7 Rfe8 21. Rd7 Rad8 22. Rxd8 Rxd8 23. Nf3 b5 24. h4 a5 25. Ng5 Rxd4 26. Qf3 Rxd1+ 27. Kh2 Qe5+ 28. g3 Qd5 29. Qxd5 cxd5 0-1